000 00783nam a22002175i 4500
001 54650
003 ES-MaACL
005 20250927140103.0
007 t|
008 960725s1870 sp ||||1| spa d
040 _aCAM
_bspa
_cCAM
245 0 0 _aFuero de Salamanca /
_cpublicado ahora por vez primera con notas, apéndice y un discurso preliminar por J. Sanchez Ruano.
260 _aSalamanca :
_b[s.n.],
_c1870 (
_fImp. de Sebastián Cerezo)
300 _aXXXVI, 189 p. ;
_c23 cm.
500 _aApéndice: p. 135-189.
505 8 _aIncluye los Fueros de Béjar, Ledesma, Alba de Tormes y otros documentos legales
650 1 4 _aFueros-
_zSalamanca.
_912995
700 1 _aSánchez Ruano, Julián,
_d1842-1871
_9133015
852 _aES-MaACL
_jG-15011
999 _c54650
_d54650